[Event "DEM U12w 2025"]
[Site "Willingen GER"]
[Date "2025.06.08"]
[Round "1"]
[White "Schirmbeck, Lilian"]
[Black "Tiuca, Emma"]
[Result "1-0"]
[Termination "normal"]
[Board "1"]
[WhiteTitle "WCM"]
[WhiteElo "1712"]
[BlackElo "1434"]
[WhiteClock "00:04:57"]
[BlackClock "01:14:53"]
[PlyCount "145"]
[WhiteFideId "34620532"]
[BlackFideId "4007549"]
[EventCountry "GER"]
[EventRounds "9"]
[EventType "swiss"]
[EventDate "2025.06.07"]

1. c4 {[%clk 01:30:52]} {[%emt 00:00:07]} e6 {[%clk 01:31:19]} {[%emt
00:00:10]} 2. e4 {[%clk 01:31:06]} {[%emt 00:00:17]} d5 {[%clk 01:31:32]}
{[%emt 00:00:16]} 3. cxd5 {[%clk 01:31:08]} {[%emt 00:00:29]} exd5 {[%clk
01:31:53]} {[%emt 00:00:09]} 4. exd5 {[%clk 01:31:34]} {[%emt 00:00:04]} Qxd5
{[%clk 01:32:07]} {[%emt 00:00:15]} 5. Nc3 {[%clk 01:31:02]} {[%emt 00:01:03]}
Qd8 {[%clk 01:32:24]} {[%emt 00:00:11]} 6. Nf3 {[%clk 01:30:28]} {[%emt
00:01:06]} Be7 {[%clk 01:31:31]} {[%emt 00:01:22]} 7. Bc4 {[%clk 01:26:51]}
{[%emt 00:04:08]} Nf6 {[%clk 01:28:54]} {[%emt 00:03:07]} 8. O-O {[%clk
01:19:57]} {[%emt 00:07:24]} O-O {[%clk 01:29:06]} {[%emt 00:00:18]} 9. d4
{[%clk 01:16:14]} {[%emt 00:04:14]} Bg4 {[%clk 01:26:43]} {[%emt 00:02:52]} 10.
Be2 {[%clk 01:09:13]} {[%emt 00:07:32]} Nc6 {[%clk 01:25:27]} {[%emt 00:01:44]}
11. h3 {[%clk 01:04:39]} {[%emt 00:05:05]} Bh5 {[%clk 01:23:53]} {[%emt
00:02:03]} 12. a3 {[%clk 00:57:01]} {[%emt 00:08:09]} Bxf3 {[%clk 01:23:01]}
{[%emt 00:01:20]} 13. Bxf3 {[%clk 00:57:23]} {[%emt 00:00:09]} Nxd4 {[%clk
01:22:20]} {[%emt 00:01:12]} 14. Bxb7 {[%clk 00:55:47]} {[%emt 00:02:06]} Rb8
{[%clk 01:22:44]} {[%emt 00:00:05]} 15. Bf3 {[%clk 00:54:54]} {[%emt 00:01:24]}
Nxf3+ {[%clk 01:22:56]} {[%emt 00:00:17]} 16. Qxf3 {[%clk 00:55:15]} {[%emt
00:00:10]} h6 {[%clk 01:19:17]} {[%emt 00:04:08]} 17. Rd1 {[%clk 00:51:42]}
{[%emt 00:04:05]} Qc8 {[%clk 01:19:05]} {[%emt 00:00:37]} 18. Qe3 {[%clk
00:45:32]} {[%emt 00:06:45]} Bd6 {[%clk 01:18:35]} {[%emt 00:00:56]} 19. Qxa7
{[%clk 00:39:35]} {[%emt 00:06:30]} Re8 {[%clk 01:18:32]} {[%emt 00:00:32]} 20.
b4 {[%clk 00:36:33]} {[%emt 00:03:34]} Ra8 {[%clk 01:14:25]} {[%emt 00:04:36]}
21. Qd4 {[%clk 00:35:52]} {[%emt 00:01:11]} Be5 {[%clk 01:14:15]} {[%emt
00:00:39]} 22. Qc4 {[%clk 00:34:20]} {[%emt 00:02:02]} Nd7 {[%clk 01:08:02]}
{[%emt 00:06:43]} 23. Be3 {[%clk 00:29:03]} {[%emt 00:05:48]} Nb6 {[%clk
01:07:32]} {[%emt 00:00:58]} 24. Qb3 {[%clk 00:28:52]} {[%emt 00:00:43]} Re6
{[%clk 01:04:26]} {[%emt 00:03:35]} 25. Rac1 {[%clk 00:23:05]} {[%emt
00:06:19]} Rg6 {[%clk 01:04:18]} {[%emt 00:00:35]} 26. Kh1 {[%clk 00:21:15]}
{[%emt 00:02:22]} Qf5 {[%clk 01:02:25]} {[%emt 00:02:21]} 27. Nd5 {[%clk
00:12:24]} {[%emt 00:09:23]} Nxd5 {[%clk 01:01:30]} {[%emt 00:01:24]} 28. Rxd5
{[%clk 00:11:16]} {[%emt 00:01:40]} Qe4 {[%clk 01:01:15]} {[%emt 00:00:42]} 29.
f3 {[%clk 00:11:14]} {[%emt 00:00:34]} Qf5 {[%clk 00:57:32]} {[%emt 00:04:13]}
30. Rcc5 {[%clk 00:07:26]} {[%emt 00:04:18]} Re8 {[%clk 00:56:54]} {[%emt
00:01:04]} 31. Qa2 {[%clk 00:03:43]} {[%emt 00:04:17]} Qf6 {[%clk 00:56:22]}
{[%emt 00:00:59]} 32. Qf2 {[%clk 00:02:14]} {[%emt 00:02:02]} Bd6 {[%clk
00:55:46]} {[%emt 00:01:04]} 33. Rc1 {[%clk 00:01:33]} {[%emt 00:01:09]} Bg3
{[%clk 00:55:58]} {[%emt 00:00:21]} 34. Qg1 {[%clk 00:01:27]} {[%emt 00:00:32]}
Qe6 {[%clk 00:53:00]} {[%emt 00:03:30]} 35. Rd3 {[%clk 00:01:44]} {[%emt
00:00:14]} Qf5 {[%clk 00:52:50]} {[%emt 00:00:40]} 36. Rcd1 {[%clk 00:01:32]}
{[%emt 00:00:44]} Qf6 {[%clk 00:51:38]} {[%emt 00:01:40]} 37. Bf2 {[%clk
00:00:55]} {[%emt 00:01:09]} Bd6 {[%clk 00:51:42]} {[%emt 00:00:25]} 38. Re3
{[%clk 00:00:37]} {[%emt 00:00:48]} Rb8 {[%clk 00:50:36]} {[%emt 00:01:37]} 39.
Rde1 {[%clk 00:00:43]} {[%emt 00:00:25]} Rb5 {[%clk 00:47:39]} {[%emt
00:03:24]} 40. Re8+ {[%clk 00:00:41]} {[%emt 00:00:34]} Kh7 {[%clk 00:47:59]}
{[%emt 00:00:09]} 41. R8e4 {[%clk 00:00:35]} {[%emt 00:00:37]} h5 {[%clk
00:47:09]} {[%emt 00:01:19]} 42. Bh4 {[%clk 00:21:38]} {[%emt 00:09:28]} Qc3
{[%clk 01:15:33]} {[%emt 00:02:02]} 43. Qe3 {[%clk 00:20:04]} {[%emt 00:02:08]}
Qb2 {[%clk 01:15:12]} {[%emt 00:00:50]} 44. Qe2 {[%clk 00:20:07]} {[%emt
00:00:29]} Qxe2 {[%clk 01:14:06]} {[%emt 00:01:35]} 45. R4xe2 {[%clk 00:18:39]}
{[%emt 00:01:58]} Rd5 {[%clk 01:13:06]} {[%emt 00:01:28]} 46. Bf2 {[%clk
00:13:23]} {[%emt 00:05:47]} Rd3 {[%clk 01:12:59]} {[%emt 00:00:35]} 47. Re3
{[%clk 00:13:26]} {[%emt 00:00:29]} Rd2 {[%clk 01:13:03]} {[%emt 00:00:25]} 48.
Kg1 {[%clk 00:12:32]} {[%emt 00:01:26]} Bg3 {[%clk 01:12:49]} {[%emt 00:00:42]}
49. Bxg3 {[%clk 00:12:30]} {[%emt 00:00:33]} Rxg3 {[%clk 01:13:10]} {[%emt
00:00:09]} 50. R1e2 {[%clk 00:12:51]} {[%emt 00:00:10]} Rd1+ {[%clk 01:13:20]}
{[%emt 00:00:19]} 51. Kf2 {[%clk 00:13:11]} {[%emt 00:00:09]} h4 {[%clk
01:13:36]} {[%emt 00:00:15]} 52. Re4 {[%clk 00:12:40]} {[%emt 00:01:01]} g5
{[%clk 01:12:01]} {[%emt 00:02:05]} 53. Re7 {[%clk 00:11:57]} {[%emt 00:01:13]}
Kg6 {[%clk 01:12:12]} {[%emt 00:00:19]} 54. Rxc7 {[%clk 00:11:35]} {[%emt
00:00:53]} Ra1 {[%clk 01:12:21]} {[%emt 00:00:21]} 55. Ra7 {[%clk 00:10:46]}
{[%emt 00:01:19]} Rh1 {[%clk 01:12:31]} {[%emt 00:00:19]} 56. b5 {[%clk
00:03:40]} {[%emt 00:07:37]} Rh2 {[%clk 01:12:36]} {[%emt 00:00:23]} 57. Kg1
{[%clk 00:03:51]} {[%emt 00:00:20]} Rhxh3 {[%clk 01:12:47]} {[%emt 00:00:19]}
58. b6 {[%clk 00:03:57]} {[%emt 00:00:25]} g4 {[%clk 01:13:09]} {[%emt
00:00:07]} 59. fxg4 {[%clk 00:04:06]} {[%emt 00:00:22]} Rxg4 {[%clk 01:13:31]}
{[%emt 00:00:06]} 60. b7 {[%clk 00:04:20]} {[%emt 00:00:18]} Rb3 {[%clk
01:13:38]} {[%emt 00:00:22]} 61. Re8 {[%clk 00:01:55]} {[%emt 00:02:56]} Rd4
{[%clk 01:13:00]} {[%emt 00:01:07]} 62. b8=Q {[%clk 00:01:23]} {[%emt
00:01:03]} Rd1+ {[%clk 01:12:59]} {[%emt 00:00:30]} 63. Kh2 {[%clk 00:01:50]}
{[%emt 00:00:05]} Rc3 {[%clk 01:12:46]} {[%emt 00:00:41]} 64. Rg8+ {[%clk
00:01:57]} {[%emt 00:00:23]} Kf6 {[%clk 01:13:03]} {[%emt 00:00:11]} 65. Qb2
{[%clk 00:02:09]} {[%emt 00:00:20]} Rdd3 {[%clk 01:13:06]} {[%emt 00:00:27]}
66. Rc7 {[%clk 00:02:26]} {[%emt 00:00:14]} h3 {[%clk 01:12:59]} {[%emt
00:00:37]} 67. Rxc3 {[%clk 00:02:45]} {[%emt 00:00:10]} Rxc3 {[%clk 01:13:21]}
{[%emt 00:00:09]} 68. Qxc3+ {[%clk 00:03:12]} {[%emt 00:00:03]} Ke7 {[%clk
01:13:34]} {[%emt 00:00:16]} 69. Qe5+ {[%clk 00:03:39]} {[%emt 00:00:04]} Kd7
{[%clk 01:13:55]} {[%emt 00:00:09]} 70. Rf8 {[%clk 00:03:46]} {[%emt 00:00:21]}
f6 {[%clk 01:14:08]} {[%emt 00:00:18]} 71. Qxf6 {[%clk 00:04:06]} {[%emt
00:00:11]} Kc7 {[%clk 01:14:29]} {[%emt 00:00:09]} 72. Rf7+ {[%clk 00:04:29]}
{[%emt 00:00:07]} Kc8 {[%clk 01:14:53]} {[%emt 00:00:05]} 73. Qh8# {[%clk
00:04:57]} {[%emt 00:00:02]} 1-0

[Event "DEM U12w 2025"]
[Site "Willingen GER"]
[Date "2025.06.08"]
[Round "1"]
[White "Kühn, Nicole"]
[Black "Bohatyrova, Mariia"]
[Result "0-1"]
[Termination "normal"]
[Board "2"]
[WhiteElo "1596"]
[BlackElo "1721"]
[WhiteClock "00:26:44"]
[BlackClock "00:07:04"]
[PlyCount "122"]
[WhiteFideId "34610510"]
[BlackFideId "34165789"]
[EventCountry "GER"]
[EventRounds "9"]
[EventType "swiss"]
[EventDate "2025.06.07"]

1. e4 {[%clk 01:30:50]} {[%emt 00:00:09]} c5 {[%clk 01:30:55]} {[%emt
00:00:05]} 2. Nf3 {[%clk 01:30:15]} {[%emt 00:01:06]} d6 {[%clk 01:31:12]}
{[%emt 00:00:12]} 3. Bb5+ {[%clk 01:29:49]} {[%emt 00:00:57]} Nc6 {[%clk
01:22:01]} {[%emt 00:09:41]} 4. c3 {[%clk 01:27:43]} {[%emt 00:02:36]} a6
{[%clk 01:14:17]} {[%emt 00:08:14]} 5. Bxc6+ {[%clk 01:25:14]} {[%emt
00:03:00]} bxc6 {[%clk 01:14:39]} {[%emt 00:00:07]} 6. d3 {[%clk 01:23:08]}
{[%emt 00:02:36]} g6 {[%clk 01:12:00]} {[%emt 00:03:09]} 7. h3 {[%clk
01:20:17]} {[%emt 00:03:20]} Bg7 {[%clk 01:12:12]} {[%emt 00:00:18]} 8. O-O
{[%clk 01:16:02]} {[%emt 00:04:45]} h6 {[%clk 00:53:39]} {[%emt 00:19:03]} 9.
Re1 {[%clk 01:11:13]} {[%emt 00:05:19]} e6 {[%clk 00:44:41]} {[%emt 00:09:28]}
10. Be3 {[%clk 00:55:25]} {[%emt 00:16:18]} Ne7 {[%clk 00:29:05]} {[%emt
00:16:06]} 11. Nbd2 {[%clk 00:46:38]} {[%emt 00:09:18]} O-O {[%clk 00:19:02]}
{[%emt 00:10:32]} 12. e5 {[%clk 00:35:37]} {[%emt 00:11:32]} Nf5 {[%clk
00:15:36]} {[%emt 00:03:55]} 13. exd6 {[%clk 00:32:31]} {[%emt 00:03:37]} Nxe3
{[%clk 00:11:36]} {[%emt 00:04:29]} 14. fxe3 {[%clk 00:29:00]} {[%emt
00:04:02]} Qxd6 {[%clk 00:11:34]} {[%emt 00:00:31]} 15. Ne4 {[%clk 00:25:03]}
{[%emt 00:04:27]} Qe7 {[%clk 00:07:29]} {[%emt 00:04:35]} 16. Qa4 {[%clk
00:20:52]} {[%emt 00:04:42]} Rb8 {[%clk 00:05:26]} {[%emt 00:02:32]} 17. Rab1
{[%clk 00:18:51]} {[%emt 00:02:32]} f5 {[%clk 00:03:52]} {[%emt 00:02:04]} 18.
Ned2 {[%clk 00:16:19]} {[%emt 00:03:01]} Qb7 {[%clk 00:03:57]} {[%emt
00:00:23]} 19. Qc4 {[%clk 00:14:28]} {[%emt 00:02:20]} Qb5 {[%clk 00:01:35]}
{[%emt 00:02:54]} 20. Red1 {[%clk 00:12:06]} {[%emt 00:02:53]} Rd8 {[%clk
00:01:32]} {[%emt 00:00:32]} 21. Qxb5 {[%clk 00:09:34]} {[%emt 00:03:04]} cxb5
{[%clk 00:01:53]} {[%emt 00:00:09]} 22. d4 {[%clk 00:09:03]} {[%emt 00:01:01]}
c4 {[%clk 00:01:29]} {[%emt 00:00:54]} 23. Nf1 {[%clk 00:08:11]} {[%emt
00:01:21]} Bb7 {[%clk 00:01:41]} {[%emt 00:00:18]} 24. N1h2 {[%clk 00:08:06]}
{[%emt 00:00:35]} Be4 {[%clk 00:01:39]} {[%emt 00:00:32]} 25. Rbc1 {[%clk
00:07:59]} {[%emt 00:00:38]} Rb7 {[%clk 00:01:20]} {[%emt 00:00:48]} 26. Ne5
{[%clk 00:07:16]} {[%emt 00:01:14]} g5 {[%clk 00:01:06]} {[%emt 00:00:44]} 27.
Rf1 {[%clk 00:06:47]} {[%emt 00:00:59]} Bxe5 {[%clk 00:01:21]} {[%emt
00:00:15]} 28. dxe5 {[%clk 00:06:58]} {[%emt 00:00:19]} Rbd7 {[%clk 00:01:48]}
{[%emt 00:00:03]} 29. Rf2 {[%clk 00:06:27]} {[%emt 00:01:01]} Rd5 {[%clk
00:01:49]} {[%emt 00:00:27]} 30. g4 {[%clk 00:06:15]} {[%emt 00:00:43]} Rd2
{[%clk 00:01:30]} {[%emt 00:00:49]} 31. Rcf1 {[%clk 00:06:26]} {[%emt
00:00:19]} R2d3 {[%clk 00:01:12]} {[%emt 00:00:46]} 32. gxf5 {[%clk 00:05:18]}
{[%emt 00:01:40]} exf5 {[%clk 00:01:28]} {[%emt 00:00:15]} 33. Nf3 {[%clk
00:04:53]} {[%emt 00:00:55]} Rxe3 {[%clk 00:01:05]} {[%emt 00:00:53]} 34. Nd4
{[%clk 00:05:06]} {[%emt 00:00:17]} f4 {[%clk 00:00:48]} {[%emt 00:00:46]} 35.
h4 {[%clk 00:04:00]} {[%emt 00:01:37]} Bd3 {[%clk 00:00:39]} {[%emt 00:00:38]}
36. Rc1 {[%clk 00:03:37]} {[%emt 00:00:54]} Rg3+ {[%clk 00:00:38]} {[%emt
00:00:31]} 37. Kh2 {[%clk 00:03:46]} {[%emt 00:00:19]} Rg4 {[%clk 00:00:59]}
{[%emt 00:00:10]} 38. hxg5 {[%clk 00:03:40]} {[%emt 00:00:37]} hxg5 {[%clk
00:00:59]} {[%emt 00:00:30]} 39. Rg2 {[%clk 00:03:31]} {[%emt 00:00:39]} Rxg2+
{[%clk 00:00:53]} {[%emt 00:00:36]} 40. Kxg2 {[%clk 00:03:56]} {[%emt
00:00:04]} Be4+ {[%clk 00:01:17]} {[%emt 00:00:06]} 41. Kh3 {[%clk 00:03:38]}
{[%emt 00:00:46]} Kf7 {[%clk 00:17:09]} {[%emt 00:14:39]} 42. Kg4 {[%clk
00:31:55]} {[%emt 00:02:14]} Kg6 {[%clk 00:14:03]} {[%emt 00:03:35]} 43. Re1
{[%clk 00:31:09]} {[%emt 00:01:17]} Bd5 {[%clk 00:11:17]} {[%emt 00:03:13]} 44.
e6 {[%clk 00:28:48]} {[%emt 00:02:55]} Rh8 {[%clk 00:09:39]} {[%emt 00:02:04]}
45. Nf5 {[%clk 00:28:26]} {[%emt 00:00:56]} Bf3+ {[%clk 00:07:39]} {[%emt
00:02:30]} 46. Kxf3 {[%clk 00:28:49]} {[%emt 00:00:07]} Kxf5 {[%clk 00:08:02]}
{[%emt 00:00:06]} 47. e7 {[%clk 00:28:57]} {[%emt 00:00:22]} Re8 {[%clk
00:07:04]} {[%emt 00:01:28]} 48. b3 {[%clk 00:27:21]} {[%emt 00:02:07]} Kf6
{[%clk 00:05:20]} {[%emt 00:02:13]} 49. Rh1 {[%clk 00:25:56]} {[%emt 00:01:55]}
Rxe7 {[%clk 00:04:42]} {[%emt 00:01:08]} 50. Rh6+ {[%clk 00:25:48]} {[%emt
00:00:38]} Kf5 {[%clk 00:05:04]} {[%emt 00:00:08]} 51. Rxa6 {[%clk 00:26:13]}
{[%emt 00:00:07]} cxb3 {[%clk 00:04:53]} {[%emt 00:00:40]} 52. axb3 {[%clk
00:25:53]} {[%emt 00:00:50]} Re3+ {[%clk 00:05:17]} {[%emt 00:00:06]} 53. Kf2
{[%clk 00:26:13]} {[%emt 00:00:09]} Rxc3 {[%clk 00:05:32]} {[%emt 00:00:15]}
54. b4 {[%clk 00:26:03]} {[%emt 00:00:41]} Rb3 {[%clk 00:05:32]} {[%emt
00:00:28]} 55. Rd6 {[%clk 00:25:58]} {[%emt 00:00:36]} Rxb4 {[%clk 00:05:45]}
{[%emt 00:00:18]} 56. Kf3 {[%clk 00:25:44]} {[%emt 00:00:43]} Rb3+ {[%clk
00:06:10]} {[%emt 00:00:06]} 57. Kf2 {[%clk 00:26:08]} {[%emt 00:00:06]} Rb2+
{[%clk 00:06:06]} {[%emt 00:00:33]} 58. Kf1 {[%clk 00:26:17]} {[%emt 00:00:22]}
f3 {[%clk 00:06:06]} {[%emt 00:00:28]} 59. Rd8 {[%clk 00:26:22]} {[%emt
00:00:26]} Kf4 {[%clk 00:06:24]} {[%emt 00:00:12]} 60. Rf8+ {[%clk 00:26:30]}
{[%emt 00:00:22]} Kg3 {[%clk 00:06:44]} {[%emt 00:00:09]} 61. Kg1 {[%clk
00:26:44]} {[%emt 00:00:17]} Rb1# {[%clk 00:07:04]} {[%emt 00:00:10]} 0-1

[Event "DEM U12w 2025"]
[Site "Willingen GER"]
[Date "2025.06.08"]
[Round "1"]
[White "Chen, Yuefan"]
[Black "Naz Öksüz, Meryem"]
[Result "1-0"]
[Termination "normal"]
[Board "3"]
[WhiteElo "1754"]
[BlackElo "1393"]
[WhiteClock "00:45:54"]
[BlackClock "00:30:02"]
[PlyCount "57"]
[WhiteFideId "34653910"]
[BlackFideId "533025860"]
[EventCountry "GER"]
[EventRounds "9"]
[EventType "swiss"]
[EventDate "2025.06.07"]

1. d4 {[%clk 01:30:56]} {[%emt 00:00:03]} d5 {[%clk 01:30:47]} {[%emt
00:00:14]} 2. c4 {[%clk 01:31:21]} {[%emt 00:00:05]} c6 {[%clk 01:31:00]}
{[%emt 00:00:18]} 3. Nc3 {[%clk 01:31:44]} {[%emt 00:00:06]} Nf6 {[%clk
01:31:25]} {[%emt 00:00:06]} 4. e3 {[%clk 01:32:06]} {[%emt 00:00:08]} Bf5
{[%clk 01:31:37]} {[%emt 00:00:17]} 5. Nf3 {[%clk 01:32:30]} {[%emt 00:00:07]}
e6 {[%clk 01:31:41]} {[%emt 00:00:26]} 6. Nh4 {[%clk 01:32:26]} {[%emt
00:00:34]} Bg6 {[%clk 01:31:46]} {[%emt 00:00:24]} 7. Qb3 {[%clk 01:32:18]}
{[%emt 00:00:38]} Qc7 {[%clk 01:30:23]} {[%emt 00:01:52]} 8. h3 {[%clk
01:29:09]} {[%emt 00:03:41]} Be7 {[%clk 01:27:27]} {[%emt 00:03:26]} 9. Nxg6
{[%clk 01:29:13]} {[%emt 00:00:26]} hxg6 {[%clk 01:27:48]} {[%emt 00:00:09]}
10. Bd3 {[%clk 01:27:38]} {[%emt 00:02:04]} Nbd7 {[%clk 01:27:08]} {[%emt
00:01:11]} 11. e4 {[%clk 01:26:10]} {[%emt 00:01:58]} e5 {[%clk 01:23:49]}
{[%emt 00:03:49]} 12. cxd5 {[%clk 01:20:15]} {[%emt 00:06:24]} exd4 {[%clk
01:23:32]} {[%emt 00:00:48]} 13. Ne2 {[%clk 01:19:14]} {[%emt 00:01:31]} Nc5
{[%clk 01:23:14]} {[%emt 00:00:46]} 14. Qc4 {[%clk 01:16:09]} {[%emt 00:03:35]}
O-O-O {[%clk 01:16:22]} {[%emt 00:07:23]} 15. O-O {[%clk 01:05:56]} {[%emt
00:10:43]} b5 {[%clk 01:14:27]} {[%emt 00:02:25]} 16. Qxd4 {[%clk 01:03:41]}
{[%emt 00:02:45]} cxd5 {[%clk 01:13:17]} {[%emt 00:01:41]} 17. Bxb5 {[%clk
01:02:53]} {[%emt 00:01:18]} dxe4 {[%clk 01:13:13]} {[%emt 00:00:34]} 18. Qc4
{[%clk 01:01:27]} {[%emt 00:01:55]} Bd6 {[%clk 01:10:13]} {[%emt 00:03:30]} 19.
Be3 {[%clk 00:58:38]} {[%emt 00:03:20]} Rh5 {[%clk 00:58:55]} {[%emt 00:11:46]}
20. Nd4 {[%clk 00:55:50]} {[%emt 00:03:19]} Rdh8 {[%clk 00:52:05]} {[%emt
00:07:20]} 21. Ba6+ {[%clk 00:51:32]} {[%emt 00:04:48]} Kd8 {[%clk 00:50:59]}
{[%emt 00:01:36]} 22. Nb5 {[%clk 00:49:47]} {[%emt 00:02:16]} Bh2+ {[%clk
00:42:19]} {[%emt 00:09:09]} 23. Kh1 {[%clk 00:50:06]} {[%emt 00:00:10]} Qb8
{[%clk 00:41:49]} {[%emt 00:01:00]} 24. Bxc5 {[%clk 00:48:04]} {[%emt
00:02:33]} Be5 {[%clk 00:34:51]} {[%emt 00:07:27]} 25. Rad1+ {[%clk 00:47:21]}
{[%emt 00:01:13]} Nd7 {[%clk 00:34:40]} {[%emt 00:00:42]} 26. Qxf7 {[%clk
00:44:39]} {[%emt 00:03:12]} Rxh3+ {[%clk 00:29:57]} {[%emt 00:05:13]} 27. gxh3
{[%clk 00:45:04]} {[%emt 00:00:04]} Rxh3+ {[%clk 00:30:20]} {[%emt 00:00:08]}
28. Kg2 {[%clk 00:45:28]} {[%emt 00:00:06]} Rh2+ {[%clk 00:30:02]} {[%emt
00:00:48]} 29. Kg1 {[%clk 00:45:54]} {[%emt 00:00:04]} 1-0

[Event "DEM U12w 2025"]
[Site "Willingen GER"]
[Date "2025.06.08"]
[Round "1"]
[White "Tu, Tiffany"]
[Black "Alnajjar, Sara"]
[Result "1/2-1/2"]
[Termination "normal"]
[Board "5"]
[WhiteElo "1709"]
[BlackElo "1565"]
[WhiteClock "00:24:35"]
[BlackClock "00:36:18"]
[PlyCount "103"]
[WhiteFideId "34628576"]
[BlackFideId "34668659"]
[EventCountry "GER"]
[EventRounds "9"]
[EventType "swiss"]
[EventDate "2025.06.07"]

1. e4 {[%clk 01:30:58]} {[%emt 00:00:02]} d6 {[%clk 01:30:53]} {[%emt
00:00:07]} 2. d4 {[%clk 01:31:15]} {[%emt 00:00:12]} Nf6 {[%clk 01:31:18]}
{[%emt 00:00:05]} 3. Nc3 {[%clk 01:31:30]} {[%emt 00:00:15]} e5 {[%clk
01:31:39]} {[%emt 00:00:09]} 4. Nf3 {[%clk 01:31:46]} {[%emt 00:00:14]} exd4
{[%clk 01:32:00]} {[%emt 00:00:10]} 5. Nxd4 {[%clk 01:32:02]} {[%emt 00:00:14]}
Be7 {[%clk 01:32:23]} {[%emt 00:00:07]} 6. Bc4 {[%clk 01:28:13]} {[%emt
00:04:18]} O-O {[%clk 01:31:21]} {[%emt 00:01:32]} 7. f3 {[%clk 01:27:54]}
{[%emt 00:00:48]} Nbd7 {[%clk 01:26:48]} {[%emt 00:05:04]} 8. Be3 {[%clk
01:25:07]} {[%emt 00:03:16]} Ne5 {[%clk 01:23:03]} {[%emt 00:04:16]} 9. Bb3
{[%clk 01:24:38]} {[%emt 00:00:59]} Bd7 {[%clk 01:05:50]} {[%emt 00:17:43]} 10.
a3 {[%clk 01:22:16]} {[%emt 00:02:52]} a6 {[%clk 01:02:52]} {[%emt 00:03:28]}
11. O-O {[%clk 01:15:52]} {[%emt 00:06:53]} b5 {[%clk 01:01:53]} {[%emt
00:01:30]} 12. Nd5 {[%clk 01:06:41]} {[%emt 00:09:41]} c6 {[%clk 00:57:52]}
{[%emt 00:04:32]} 13. Nxe7+ {[%clk 01:01:47]} {[%emt 00:05:23]} Qxe7 {[%clk
00:57:35]} {[%emt 00:00:48]} 14. Ne2 {[%clk 00:55:47]} {[%emt 00:06:25]} Be6
{[%clk 00:54:38]} {[%emt 00:03:31]} 15. Bxe6 {[%clk 00:49:34]} {[%emt
00:06:44]} fxe6 {[%clk 00:54:08]} {[%emt 00:01:00]} 16. b3 {[%clk 00:43:26]}
{[%emt 00:06:38]} h6 {[%clk 00:48:45]} {[%emt 00:05:53]} 17. Qe1 {[%clk
00:39:17]} {[%emt 00:04:34]} Kh7 {[%clk 00:45:27]} {[%emt 00:03:52]} 18. Qc3
{[%clk 00:36:58]} {[%emt 00:02:49]} Rfc8 {[%clk 00:41:43]} {[%emt 00:04:05]}
19. Rfd1 {[%clk 00:31:07]} {[%emt 00:06:21]} a5 {[%clk 00:35:04]} {[%emt
00:07:19]} 20. Bf4 {[%clk 00:24:19]} {[%emt 00:06:51]} Nf7 {[%clk 00:33:06]}
{[%emt 00:02:03]} 21. Qd3 {[%clk 00:19:01]} {[%emt 00:06:39]} e5 {[%clk
00:27:32]} {[%emt 00:06:05]} 22. Bd2 {[%clk 00:18:27]} {[%emt 00:00:59]} Rd8
{[%clk 00:24:38]} {[%emt 00:03:29]} 23. c4 {[%clk 00:17:27]} {[%emt 00:01:29]}
Rab8 {[%clk 00:23:08]} {[%emt 00:02:01]} 24. Bxa5 {[%clk 00:16:58]} {[%emt
00:00:59]} Qa7+ {[%clk 00:22:22]} {[%emt 00:01:16]} 25. Kh1 {[%clk 00:16:50]}
{[%emt 00:00:34]} Qxa5 {[%clk 00:22:41]} {[%emt 00:00:15]} 26. b4 {[%clk
00:15:46]} {[%emt 00:01:33]} Qc7 {[%clk 00:20:11]} {[%emt 00:03:00]} 27. cxb5
{[%clk 00:15:02]} {[%emt 00:01:16]} cxb5 {[%clk 00:19:59]} {[%emt 00:00:40]}
28. Rac1 {[%clk 00:14:49]} {[%emt 00:00:41]} Qb6 {[%clk 00:19:24]} {[%emt
00:01:07]} 29. Ng3 {[%clk 00:13:34]} {[%emt 00:01:45]} g6 {[%clk 00:18:39]}
{[%emt 00:01:15]} 30. Qb3 {[%clk 00:13:24]} {[%emt 00:00:37]} Kg7 {[%clk
00:17:56]} {[%emt 00:01:16]} 31. Rc2 {[%clk 00:07:54]} {[%emt 00:05:58]} Rbc8
{[%clk 00:18:03]} {[%emt 00:00:25]} 32. h4 {[%clk 00:04:07]} {[%emt 00:04:15]}
Rxc2 {[%clk 00:17:45]} {[%emt 00:00:51]} 33. Qxc2 {[%clk 00:04:28]} {[%emt
00:00:08]} h5 {[%clk 00:16:55]} {[%emt 00:01:20]} 34. Rc1 {[%clk 00:03:18]}
{[%emt 00:01:41]} Ra8 {[%clk 00:16:13]} {[%emt 00:01:10]} 35. Qc6 {[%clk
00:01:48]} {[%emt 00:02:02]} Qxc6 {[%clk 00:16:16]} {[%emt 00:00:27]} 36. Rxc6
{[%clk 00:02:15]} {[%emt 00:00:03]} Rxa3 {[%clk 00:16:37]} {[%emt 00:00:09]}
37. Rb6 {[%clk 00:02:30]} {[%emt 00:00:13]} Ra1+ {[%clk 00:16:35]} {[%emt
00:00:33]} 38. Kh2 {[%clk 00:02:51]} {[%emt 00:00:08]} Rb1 {[%clk 00:16:47]}
{[%emt 00:00:19]} 39. Rxb5 {[%clk 00:03:13]} {[%emt 00:00:09]} Kf8 {[%clk
00:14:48]} {[%emt 00:02:29]} 40. Rb8+ {[%clk 00:02:10]} {[%emt 00:01:33]} Ke7
{[%clk 00:15:09]} {[%emt 00:00:08]} 41. b5 {[%clk 00:01:51]} {[%emt 00:00:49]}
Nd7 {[%clk 00:13:13]} {[%emt 00:02:26]} 42. Rg8 {[%clk 00:28:44]} {[%emt
00:03:19]} Kf6 {[%clk 00:43:12]} {[%emt 00:00:49]} 43. Ne2 {[%clk 00:28:35]}
{[%emt 00:00:36]} Nh6 {[%clk 00:37:44]} {[%emt 00:06:01]} 44. Rd8 {[%clk
00:27:11]} {[%emt 00:01:45]} Ke7 {[%clk 00:37:48]} {[%emt 00:00:35]} 45. Rh8
{[%clk 00:26:04]} {[%emt 00:01:35]} Nf7 {[%clk 00:37:58]} {[%emt 00:00:23]} 46.
Rg8 {[%clk 00:25:28]} {[%emt 00:01:01]} Nf8 {[%clk 00:38:07]} {[%emt 00:00:25]}
47. Nc3 {[%clk 00:25:44]} {[%emt 00:00:14]} Rb3 {[%clk 00:35:22]} {[%emt
00:03:16]} 48. Nd5+ {[%clk 00:25:51]} {[%emt 00:00:23]} Ke8 {[%clk 00:35:43]}
{[%emt 00:00:09]} 49. Nf6+ {[%clk 00:25:06]} {[%emt 00:01:15]} Ke7 {[%clk
00:36:00]} {[%emt 00:00:12]} 50. Nd5+ {[%clk 00:25:20]} {[%emt 00:00:15]} Ke8
{[%clk 00:36:12]} {[%emt 00:00:19]} 51. Nc7+ {[%clk 00:24:35]} {[%emt
00:01:14]} Ke7 {[%clk 00:36:18]} {[%emt 00:00:26]} 52. Nd5+ {[%emt 00:00:53]}
1/2-1/2